000 00464nam a2200193Ia 4500
003 OSt
005 20260225161755.0
008 250729s1990 xx 000 0 und d
020 _a978-1438012117
040 _cAL
041 _aeng
082 _a516.2 LAWG
100 _aLawerence s Leff
_9229827
245 _aGeometry the easy way
260 _aNewyork
_bBarrons Educational
_c1990
300 _a362p
650 _aMathematics
_9229828
942 _2ddc
_cBED
999 _c238476
_d238476